|
|
|
|
| LEADER |
00714cam a2200205 a 4500 |
| 001 |
0000075446 |
| 005 |
20041227090000.0 |
| 040 |
|
|
|a mod
|
| 041 |
|
|
|a eng
|
| 020 |
0 |
0 |
|a 0231100159
|
| 090 |
0 |
0 |
|a 303.625
|b NAC
|e 1994
|
| 100 |
1 |
0 |
|a Nacos
|h Brigitte Lebens.
|
| 245 |
1 |
0 |
|a Terrorism and the media
|b from the Iran hostage crisis to the World Trade Center bombing
|c Brigitte L. Nacos.
|
| 260 |
0 |
0 |
|a New York
|b Columbia University Press
|c 1994.
|
| 300 |
0 |
0 |
|a xi, 214 p.
|c 24 cm.
|
| 500 |
0 |
0 |
|a Includes bibliographical references (p. 199-208) and index.
|
| 650 |
0 |
0 |
|a Terrorism in mass media.
|
| 650 |
0 |
0 |
|a Mass media
|z United States.
|
| 852 |
0 |
0 |
|a 01
|
| 999 |
|
|
|a 0238136
|b KEMENTAH
|d BOOKS
|e Umum
|f Perpustakaan KEMENTAH
|j AVAILABLE
|q GOOD CONDITION
|